LEADER 00881nam0-22003131i-450- 001 990003207760403321 010 $a0-262-11112-8 035 $a000320776 035 $aFED01000320776 035 $a(Aleph)000320776FED01 035 $a000320776 100 $a20000920d1988----km-y0itay50------ba 101 0 $aeng 102 $aIT 200 1 $aStrategic Trade Policy and New International Economics$fedited by Paul R.Krugman. 205 $a3. ed. 210 $aCambridge$dMass.$d$aLondon$cThe MIT Press$d1988. 215 $a313 p.$d22 cm 676 $aO/1.0 676 $aO/3.30 702 1$aKrugman,$bPaul R.$f<1953- > 801 0$aIT$bUNINA$gRICA$2UNIMARC 901 $aBK 912 $a990003207760403321 952 $aO/330 STRA$b7365$fSES 959 $aSES 996 $aStrategic Trade Policy and New International Economics$9454387 997 $aUNINA DB $aING01